| 000 | 00408nam a2200145Ia 4500 | ||
|---|---|---|---|
| 008 | 221030s9999 xx 000 0 und d | ||
| 020 | _a8177225618 | ||
| 041 | _aEnglish | ||
| 100 | _aD. Bridgewater | ||
| 245 | 0 |
_aSCWCD - Sun Certified Web Component Developer ( Exam Study Guide ) _cby D. Bridgewater |
|
| 260 |
_bDreamtech Press _aNew Delhi _c2008 |
||
| 300 | _a818 | ||
| 650 | _aBB Computer | ||
| 942 | _cBK | ||
| 999 |
_c18217 _d18217 |
||